000 00938nam a2200241 a 4500
001 63992
003 BD-RjUL
005 20211209081247.0
008 170206s2003 bg ||||| |||| 00| 0 ben d
020 _a9848488081
_c: Tk.100.00
035 _a(BD-RjUL)64122
040 _aBD-RjUL
_bben
_cBD-RjUL
_dBD-RjUL
041 _aben
082 _223
_a891.4391
_bIQZ 2003
100 _aইকবাল, মুহাম্মদ
_9178152
245 1 0 _aযর্‌বে কলীম /
_cমুহাম্মদ ইকবাল, অনুবাদঃ আবদুল মান্নান তালিব
260 _aঢাকা :
_bআল্লামা ইকবাল সংসদ,
_c২০০৩
300 _a১৪৪ পৃ ;
_c২১ সেমি
650 _aউর্দু কবিতা
_9170454
650 _aUrdu Poetry
_9170481
700 _aতালিব, আবদুল মান্নান
_9176779
942 _2ddc
_cBK
999 _c63992
_d63992